000 00784nam a2200193Ii 4500
003 JO-AjNU
008 230605s9999||||xx |||||||||||||| ||und||
040 _aJO-AjNU
_bara
_erda
_cJO-AjNU
041 _aara
050 1 4 _aDS98.B55 1999
100 3 _aاعداد ابو الشعر، هند غسان,
_eauthor
_947717
245 0 0 _aبناء الدولة العربية الحديثة: تجربة فيصل بن الحسين في سورية والعراق 1337هجري/1918 م-1351هجري/1933م
264 3 1 _aالمفرق: جامعة ال البيت، 1999
300 _a715ص
336 _atext
_btxt
_2rdacontent
337 _aunmediated
_bn
_2rdamedia
338 _avolume
_bnc
_2rdacarrier
650 4 _aسوريا- تاريخ- فيصل الاوا، 1918-1920-مؤتمرات
_947718
999 _aA20850
_c24418
_d24418